| 000 | 00739nam a2200289Ia 4500 | ||
|---|---|---|---|
| 005 | 20260324114850.0 | ||
| 008 | 008 260324s9999 xx 000 0 eng d | ||
| 020 | _a9781032672953 | ||
| 037 | _aEBOOK | ||
| 040 | _aCRL | ||
| 040 | _beng | ||
| 040 | _cCRL | ||
| 041 | _2eng | ||
| 041 | _aeng | ||
| 084 | _qCRL | ||
| 100 |
_aJeff Anderson; Travis Leech; Melinda Clark _91152460 |
||
| 245 | 0 | _aPatterns of Power, Grades 6–8 | |
| 245 | 0 | _bInviting Adolescent Writers into the Conventions of Language | |
| 260 | _bTaylor and Francis | ||
| 260 | _c2021 | ||
| 365 | _a | ||
| 365 | _b260 | ||
| 856 | _uhttp://www.taylorfrancis.com/books/9781032672953 | ||
| 942 | _cEBOOK | ||
| 999 |
_c1742898 _d1742898 |
||